Регионална библиотека "Любен Каравелов" - Русе

Диви нощи (Запис номер 328313)

MARC детайли
000 -Лидер
Контролно поле с фиксирана дължина 01146nam a2200289 a 4500
003 - Код на организацията, давaща контролен номер
Контролно поле BLK
005 - Дата и час на последна редакция
Контролно поле 20250801084455.0
008 - Елементи от данни с фиксирана дължина
fixed length control field 181221b bu ||||| |||| 00| 0 bu d
020 ## - Международен стандартен номер на книга ISBN
Международен стандартен номер на книга ISBN 9789543992621
040 ## - Източник на каталожния запис
Идентификатор на билиотеката - собственик на записа BLK
041 ## - Код за език
Код за езика на текст/звукозапис или на отделно заглавие Български
Код за езика КДБФ Български
080 ## - УДК
Текстов определител УДК Американска литература (на САЩ)
УДК код - определител по УДК 821.111(73)
УДК определител -31
УДК - код + определител 821.111(73)-31
100 ## - Редна дума - Автор
Автор Клейпас, Лайза
Авторска отговорност първи автор
R(LIN) 1299
139 ## - Редно поле
Редна дума Клейпас, Лайза
Авторски знак Кла - К 63
245 ## - Сведения за заглавието
Заглавие Диви нощи
Редно поле (дума) Лайза Клейпас ; прев. Петя Михайлова
257 ## - Страна на издаване
Страна на създаване/издаване Съединени американски щати
260 ## - Област на издателските данни
9 (RLIN) 219405
Място на издаване, разпространение и проч. София
Име на издателя, разпространителя и проч. СББ Медиа
Година на издаване 2018
Информация за издателството Санома блясък България
300 ## - Физическа характеристика
Страници 240 с.
Размери/Мащаб 20 см
380 ## - Жанр
Жанр Худож. лит.
490 ## - СЕРИИ (Колекции)
9 (RLIN) 208720
Име на серия Колекция Любов и страст
500 ## - Общи забележки
Забележка Ориг. загл.: Because you're mine / Lisa Kleypas. - Кн. се разпространява с изд. на СББ Медиа
700 ## - Други автори (авторска отговорност)
9 (RLIN) 966
Лично име Михайлова, Петя
Автороска отговорност (Описва отношението между автора и произведението) прев.
852 ## - Местоположение
Форматна сигнатура Цб 292966
Фондова буква Хранилище
999 ## - СИСТЕМНИ КОНТРОЛНИ НОМЕРА
Koha biblionumber 328313
Koha biblioitemnumber 328313
942 ## - АРТИКУЛИ
Вид на библиотечния материал Книги
Скрит в OPAC Не
Koha issues (borrowed), all copies 27
944 ## - СЪЗДАВАНЕ И РЕДАКЦИЯ на ЗАПИСА
Служител, извършил регистрацията/редакцията 30575
Статус, дата на статуса Мартин Енчев
999 ## - СИСТЕМНИ КОНТРОЛНИ НОМЕРА
Koha biblioitemnumber 328313
Наличности
Код за отписване Код за изгубен артикул Източник на класификационната схема Код за повреда Коз за рестрикции Код за отдаване Артикулен № Име на библиотеката - собственик Име на библиотеката, в която се намира в момента Статус (Текущо местоположение) Дата на вписване в системата Местоположение - отдел Цена в лева Систематично азбучна сигнатура Баркод Цена в евро Служебен тип на артикула
  Не е изгубен Universal Decimal Classification Не е повреден без рестрикции ползва се в читалня 688460 Регионална библиотека "Любен Каравелов" Русе Регионална библиотека "Любен Каравелов" Русе Хранилище 2019-01-24 Хранилище 9.00 Цб 292966 120000829026 4.60 Книги
  Не е изгубен Universal Decimal Classification Не е повреден без рестрикции заемане за дома 755488 Регионална библиотека "Любен Каравелов" Русе Регионална библиотека "Любен Каравелов" Русе Заемна - подръчен фонд 2020-02-07 Заемна - подръчен фонд 4.50 П 820(73)-31/К 63 120000842525 2.30 Книги
Vip Innovations Ltd, Rousse, Bulgaria 2025